ARRUPE JESUIT UNIVERSITY

CORONAVIRUS -STOP THE SPREAD - CLEAN,DISINFECT,COVER
Normal view MARC view

Entry Topical Term

Number of records used in: 1

001 - CONTROL NUMBER

  • control field: 7774

003 - CONTROL NUMBER IDENTIFIER

  • control field: ARRUPE

005 - DATE AND TIME OF LATEST TRANSACTION

  • control field: 20140203141036.0

008 - FIXED-LENGTH DATA ELEMENTS

  • fixed length control field: 140203|| aca||aabn | a|a d

040 ## - CATALOGING SOURCE

  • Original cataloging agency: ARRUPE
  • Transcribing agency: ARRUPE

150 ## - HEADING--TOPICAL TERM

  • Topical term or geographic name as entry element: Spiritual life
  • General subdivision: Episcopal Church.

670 ## - SOURCE DATA FOUND

  • Source citation: Work cat.: (ARRUPE)0: Claypool, John R. (John Rowan), 1930-2005. 7771, Stories Jesus still tells :, c2000.

 

Arrupe Library. PO Box MP320 Mt Pleasant, Harare, Zimbabwe
263 242 745411|librarian@aju.ac.zw